04341 2201129 4500001002100000005001500021035002000036008004100056020001800097041000800115082001400123084001800137100010500155245016600260250001100426260003700437300003000474500002100504520056300525650003601088700006201124990002701186990002701213990002701240990002701267990002701294990002701321990002701348990002701375990002701402990002701429990002701456990002701483990002701510990002701537990002701564990002701591990002701618990002701645990002701672990002701699990002701726990002701753990002701780990002701807990002701834990002701861990002701888990002701915990002701942990002701969990002701996990002702023990002702050990002702077990002702104990002702131990002702158990002702185990002702212990002702239990002702266990002702293990002702320990002702347990002702374990002702401990002702428990002702455990002702482990002702509990002702536990002702563990002702590990002702617990002702644990002702671990002702698990002702725990002702752990002702779990002702806990002702833990002702860990002702887990002702914990002702941990002702968990002702995990002703022990002703049990002703076990002703103990002703130990002703157990002703184INLIS00000000000160320221108103813 a0010-0520001603221108 | | ind  a979-685-075-3 aind a499.21014 a499.21014 PED0 aPedoman Umum Pembentukan Istilah Eds. III (Panitia Pengembangan Bahasa Indonesia Dept. Pend. Nasiona1 aPedoman Umum Pembentukan Istilah Eds. III (Panitia Pengembangan Bahasa Indonesia Dept. Pend. Nasiona /cPanitia Pengembangan Bahasa Indonesia Dept. Pend. Nasiona acet.2. aJakarta :bMQS Publishing,c2005 axi,153p. ; 21 cm ;c21 cm aIndeks : p.21 cm aPenggunaan bahasa asing, terutama bahasa Inggris memasuki berbagai sendi kehidupan terutama dalam perekmbangan ilmu pengetahuan dan teknologi. Perubahan itu mewarnai perkemabngan kosakata/istilah bahasa Indonesia. Kosakata/istilah bahasa asing masuk kedalam bahasa Indonesia bersama masuknya ilmu pengetahuan dan teknologi bahkan kebudayaan kedalam kehidupan masyarakat Indonesia. Berbagai perubahan itu perlu ditampung dalam proses pengalihan kosakata, khususnya istilah bahasa asing, kedalam bahasa Indonesia. Untuk itu pembentukan istilah selalu direvisi. 4aBahasa Indonesia - Peristilahan0 aPanitia Pengembangan Bahasa Indonesia Dept. Pend. Nasiona a07787/MKRI-P/VIII-2008 a07778/MKRI-P/VIII-2008 a07780/MKRI-P/VIII-2008 a07781/MKRI-P/VIII-2008 a07782/MKRI-P/VIII-2008 a07783/MKRI-P/VIII-2008 a07784/MKRI-P/VIII-2008 a07785/MKRI-P/VIII-2008 a07786/MKRI-P/VIII-2008 a07788/MKRI-P/VIII-2008 a07789/MKRI-P/VIII-2008 a07790/MKRI-P/VIII-2008 a07791/MKRI-P/VIII-2008 a07794/MKRI-P/VIII-2008 a07795/MKRI-P/VIII-2008 a07796/MKRI-P/VIII-2008 a07792/MKRI-P/VIII-2008 a07779/MKRI-P/VIII-2008 a07779/MKRI-P/VIII-2008 a07787/MKRI-P/VIII-2008 a07778/MKRI-P/VIII-2008 a07780/MKRI-P/VIII-2008 a07781/MKRI-P/VIII-2008 a07782/MKRI-P/VIII-2008 a07783/MKRI-P/VIII-2008 a07784/MKRI-P/VIII-2008 a07785/MKRI-P/VIII-2008 a07786/MKRI-P/VIII-2008 a07788/MKRI-P/VIII-2008 a07789/MKRI-P/VIII-2008 a07790/MKRI-P/VIII-2008 a07791/MKRI-P/VIII-2008 a07794/MKRI-P/VIII-2008 a07795/MKRI-P/VIII-2008 a07796/MKRI-P/VIII-2008 a07792/MKRI-P/VIII-2008 a07793/MKRI-P/VIII-2008 a07786/MKRI-P/VIII-2008 a07787/MKRI-P/VIII-2008 a07778/MKRI-P/VIII-2008 a07780/MKRI-P/VIII-2008 a07781/MKRI-P/VIII-2008 a07782/MKRI-P/VIII-2008 a07783/MKRI-P/VIII-2008 a07784/MKRI-P/VIII-2008 a07785/MKRI-P/VIII-2008 a07788/MKRI-P/VIII-2008 a07789/MKRI-P/VIII-2008 a07790/MKRI-P/VIII-2008 a07791/MKRI-P/VIII-2008 a07794/MKRI-P/VIII-2008 a07795/MKRI-P/VIII-2008 a07796/MKRI-P/VIII-2008 a07792/MKRI-P/VIII-2008 a07779/MKRI-P/VIII-2008 a07793/MKRI-P/VIII-2008 a07792/MKRI-P/VIII-2008 a07787/MKRI-P/VIII-2008 a07778/MKRI-P/VIII-2008 a07780/MKRI-P/VIII-2008 a07781/MKRI-P/VIII-2008 a07782/MKRI-P/VIII-2008 a07783/MKRI-P/VIII-2008 a07784/MKRI-P/VIII-2008 a07785/MKRI-P/VIII-2008 a07786/MKRI-P/VIII-2008 a07788/MKRI-P/VIII-2008 a07789/MKRI-P/VIII-2008 a07790/MKRI-P/VIII-2008 a07791/MKRI-P/VIII-2008 a07794/MKRI-P/VIII-2008 a07795/MKRI-P/VIII-2008 a07796/MKRI-P/VIII-2008 a07779/MKRI-P/VIII-2008 a07793/MKRI-P/VIII-2008